| 000 | 00517nam a22001817a 4500 | ||
|---|---|---|---|
| 005 | 20251108165919.0 | ||
| 008 | 250721s1991 xx 000 0 ara d | ||
| 082 | 1 | 4 | _aط/922.1/خبا |
| 100 | 1 | _aشعبان، حلمي علي | |
| 245 | 1 | 0 | _aخباب بن الأرت / |
| 264 | 1 |
_aبيروت : _bدار الكتب العلمية، _c1991. |
|
| 300 | _a39ص | ||
| 490 | 0 | _aسلسلة أعمدة الإسلام ؛19 | |
| 650 | 1 | 7 | _aالإسلام |
| 650 | 1 | 7 | _aالتراجم |
| 942 |
_2ddc _cBK |
||
| 999 |
_c34643 _d34643 |
||